Cenerentola (La) (Record n. 102972)

Dettagli MARC
000 -LEADER
fixed length control field 00990njm a2200301Ia 4500
001 - CONTROL NUMBER
control field 21138
003 - CONTROL NUMBER IDENTIFIER
control field IT-RoPAU
005 - DATE AND TIME OF LATEST TRANSACTION
control field 20220918181200.0
008 - FIXED-LENGTH DATA ELEMENTS--GENERAL INFORMATION
fixed length control field 131025s9999 xx 000 0 und d
040 ## - CATALOGING SOURCE
Original cataloging agency IT-RoPAU
040 ## - CATALOGING SOURCE
Transcribing agency IT-RoPAU
041 ## - LANGUAGE CODE
Language code of text/sound track or separate title ITALIANO
999 ## - SYSTEM CONTROL NUMBERS (KOHA)
Koha Dewey Subclass [OBSOLETE] n.d.
100 ## - MAIN ENTRY--PERSONAL NAME
Personal name Rossini Gioachino
9 (RLIN) 2267
100 ## - MAIN ENTRY--PERSONAL NAME
Relator term Autore musica
9 (RLIN) 5145
100 ## - MAIN ENTRY--PERSONAL NAME
Miscellaneous information Codice autore musica SPICS: 11125
9 (RLIN) 2269
245 ## - TITLE STATEMENT
Title Cenerentola (La)
250 ## - EDITION STATEMENT
Edition statement 1a ed.
260 ## - PUBLICATION, DISTRIBUTION, ETC. (IMPRINT)
Place of publication, distribution, etc. ROMA
260 ## - PUBLICATION, DISTRIBUTION, ETC. (IMPRINT)
Name of publisher, distributor, etc. RAI - RADIO TELEVISIONE ITALIANA
Date of publication, distribution, etc. 1982 [1a Ed.:1982 - Ed. Lingua Orig.: 1817]
300 ## - PHYSICAL DESCRIPTION
Extent MUSICASSETTA
500 ## - GENERAL NOTE
General note Musica operistica. Musica lirica. Musica classica
505 ## - FORMATTED CONTENTS NOTE
Formatted contents note Melodramma giocoso in due atti di Jacopo Ferretti
511 ## - PARTICIPANT OR PERFORMER NOTE
Participant or performer note London Symphony Orchestra diretta da Abbado Claudio
650 ## - SUBJECT ADDED ENTRY--TOPICAL TERM
Topical term or geographic name as entry element OPERA LIRICA [CASSETTE]
Relator term Codice MATERIA SPICS: 9951
9 (RLIN) 5146
700 ## - ADDED ENTRY--PERSONAL NAME
Personal name Ferretti Jacopo
Relator term Autore testo
Miscellaneous information Codice autore testo SPICS: 28448
9 (RLIN) 5147
942 ## - ADDED ENTRY ELEMENTS (KOHA)
Koha item type MUSICASSETTE
Source of classification or shelving scheme Dewey Decimal Classification
Dati di copia
Withdrawn status Lost status Damaged status Not for loan Home library Current library Date acquired Total Checkouts Full call number Date last seen Price effective from Koha item type Public note
    Buone Condizioni Not For Loan SPICS-MEDIATECA SPICS-MEDIATECA 25/10/2013   21138 25/10/2013 25/10/2013 MUSICASSETTE Progr. Ins.: 4440 / N.Vol.: 2 / Copie: 1 - Copia rara: n.d. / date import: 01.01.2014 - By Epidotti, Trombetti, Vaglietti
CREDITS: SOCIETA' SAN PAOLO Via A.Severo, 58 - ROMA (RM) & PERIODICI SAN PAOLO SRL Via Giotto, 36 MILANO & CISF Via Giotto, 36 MILANO & EDIZIONI SAN PAOLO SRL,  Piazza Soncino, 5 CINISELLO BALSAMO (MI) -- ITALY